[Event "Tehran2016"]
[Site "Tehran"]
[Date "2016.11.02"]
[Round "9.13"]
[White "Raetsky, Alexander"]
[Black "Rastbod, Ali"]
[Result "1/2-1/2"]
[BlackElo "2134"]
[WhiteElo "2380"]
[LiveChessVersion "1.4.8"]

1. d4 {[%clk 1:30:22]} Nf6 {[%clk 1:27:24]} 2. c4 {[%clk 1:30:42]} g6
{[%clk 1:27:53]} 3. Nc3 {[%clk 1:31:02]} d5 {[%clk 1:28:12]} 4. Nf3
{[%clk 1:30:53]} Bg7 {[%clk 1:28:21]} 5. Bg5 {[%clk 1:31:16]} Ne4
{[%clk 1:28:49]} 6. cxd5 {[%clk 1:31:25]} Nxg5 {[%clk 1:29:17]} 7. Nxg5
{[%clk 1:31:54]} e6 {[%clk 1:29:46]} 8. Nf3 {[%clk 1:32:22]} exd5
{[%clk 1:29:54]} 9. b4 {[%clk 1:32:45]} Qd6 {[%clk 1:30:07]} 10. Qb3
{[%clk 1:32:35]} Nc6 {[%clk 1:30:30]} 11. e3 {[%clk 1:32:58]} Qxb4
{[%clk 1:30:59]} 12. Qxb4 {[%clk 1:22:55]} Nxb4 {[%clk 1:31:27]} 13. Kd2
{[%clk 1:23:14]} Bf5 {[%clk 1:29:30]} 14. a3 {[%clk 1:20:57]} Nc6
{[%clk 1:28:39]} 15. Bb5 {[%clk 1:20:38]} a6 {[%clk 1:20:19]} 16. Bxc6+
{[%clk 1:20:01]} bxc6 {[%clk 1:20:13]} 17. Na4 {[%clk 1:20:17]} Ke7
{[%clk 1:09:12]} 18. Rhc1 {[%clk 1:20:24]} Bd7 {[%clk 1:02:33]} 19. Rc3
{[%clk 1:08:59]} Rhb8 {[%clk 1:01:17]} 20. Rac1 {[%clk 1:09:16]} f6
{[%clk 0:59:39]} 21. Ne1 {[%clk 1:04:32]} Kf7 {[%clk 0:57:09]} 22. Nd3
{[%clk 1:03:51]} a5 {[%clk 0:54:51]} 23. Ndc5 {[%clk 1:02:15]} Be8
{[%clk 0:55:16]} 24. Kc2 {[%clk 0:51:38]} Bf8 {[%clk 0:53:34]} 25. Rb1
{[%clk 0:51:49]} Bd6 {[%clk 0:38:21]} 26. h3 {[%clk 0:44:09]} Ke7
{[%clk 0:36:37]} 27. Rxb8 {[%clk 0:41:32]} Rxb8 {[%clk 0:36:35]} 28. Rb3
{[%clk 0:41:44]} Rb5 {[%clk 0:31:45]} 29. Nb7 {[%clk 0:40:04]} Bxa3
{[%clk 0:30:14]} 30. Rxa3 {[%clk 0:38:45]} Rxb7 {[%clk 0:30:38]} 31. Nc5
{[%clk 0:38:28]} Rb5 {[%clk 0:26:06]} 32. Nb3 {[%clk 0:35:30]} Rb4
{[%clk 0:26:23]} 33. Rxa5 {[%clk 0:34:38]} g5 {[%clk 0:26:25]} 34. Ra2
{[%clk 0:32:48]} Kd6 {[%clk 0:24:07]} 35. Kc3 {[%clk 0:32:34]} Rc4+
{[%clk 0:24:36]} 36. Kd2 {[%clk 0:32:54]} h5 {[%clk 0:24:09]} 37. Nc5
{[%clk 0:25:54]} Bg6 {[%clk 0:19:07]} 38. Rb2 {[%clk 0:18:41]} Bf5
{[%clk 0:17:16]} 39. Kd1 {[%clk 0:17:21]} Rxc5 {[%clk 0:09:16]} 40. dxc5+
{[%clk 0:17:30]} Kxc5 {[%clk 0:09:45]} 41. Rb8 {[%clk 0:13:22]} Kd6
{[%clk 0:10:06]} 42. Kd2 {[%clk 0:06:42]} c5 {[%clk 0:10:25]} 43. Rd8+
{[%clk 0:05:20]} Bd7 {[%clk 0:08:21]} 44. g3 d4 45. h4 {[%clk 0:04:46]} gxh4
{[%clk 0:06:09]} 46. gxh4 {[%clk 0:05:15]} Ke7 {[%clk 0:06:17]} 47. Rh8
{[%clk 0:05:27]} Be8 {[%clk 0:05:55]} 48. Kd3 {[%clk 0:04:53]} Bb5+
{[%clk 0:06:24]} 49. Kd2 {[%clk 0:05:06]} Be8 {[%clk 0:06:53]} 50. Kd3
{[%clk 0:02:53]} Bb5+ {[%clk 0:07:22]} 51. Kd2 {[%clk 0:03:01]} 1/2-1/2

[Event "Tehran2016"]
[Site "Tehran"]
[Date "2016.11.02"]
[Round "9.14"]
[White "Pourkashiyan, Atousa"]
[Black "Khamisi, S Jafar"]
[Result "1-0"]
[BlackElo "2226"]
[WhiteElo "2331"]
[LiveChessVersion "1.4.8"]

1. e4 {[%clk 1:20:12]} e5 {[%clk 1:30:32]} 2. Nf3 {[%clk 1:20:36]} Nc6
{[%clk 1:30:52]} 3. Bb5 {[%clk 1:21:03]} a6 {[%clk 1:30:13]} 4. Ba4
{[%clk 1:21:27]} Nf6 {[%clk 1:30:22]} 5. O-O {[%clk 1:21:50]} Be7
{[%clk 1:30:12]} 6. d3 {[%clk 1:22:14]} b5 {[%clk 1:29:49]} 7. Bb3
{[%clk 1:22:42]} d6 {[%clk 1:30:08]} 8. a3 {[%clk 1:23:03]} O-O {[%clk 1:30:08]}
9. Nc3 {[%clk 1:23:23]} Nb8 {[%clk 1:29:28]} 10. h3 {[%clk 1:19:46]} Nbd7
{[%clk 1:25:24]} 11. Ne2 {[%clk 1:16:05]} Nc5 {[%clk 1:20:57]} 12. Ba2
{[%clk 1:14:33]} Be6 {[%clk 1:21:15]} 13. Ng3 {[%clk 1:11:34]} Bxa2
{[%clk 1:19:00]} 14. Rxa2 {[%clk 1:12:01]} Re8 {[%clk 1:19:16]} 15. Nf5
{[%clk 1:09:13]} Bf8 {[%clk 1:19:29]} 16. Nh2 {[%clk 1:06:53]} d5
{[%clk 1:17:09]} 17. f3 {[%clk 1:04:24]} Qd7 {[%clk 1:10:33]} 18. Bg5
{[%clk 0:58:35]} Qe6 {[%clk 1:04:48]} 19. Ra1 {[%clk 0:55:20]} h6
{[%clk 0:59:53]} 20. Be3 {[%clk 0:52:28]} Ncd7 {[%clk 0:55:16]} 21. Qe1
{[%clk 0:46:10]} c5 {[%clk 0:47:15]} 22. Qh4 {[%clk 0:39:40]} Rac8
{[%clk 0:44:06]} 23. Rae1 {[%clk 0:33:37]} b4 {[%clk 0:32:29]} 24. a4
{[%clk 0:31:08]} b3 {[%clk 0:28:46]} 25. c3 {[%clk 0:29:12]} Qc6 {[%clk 0:28:51]}
26. Ng4 {[%clk 0:22:16]} Re6 {[%clk 0:26:34]} 27. Ngxh6+ {[%clk 0:11:30]} gxh6
{[%clk 0:25:51]} 28. Bxh6 {[%clk 0:11:54]} Ne8 {[%clk 0:11:09]} 29. Bxf8
{[%clk 0:08:17]} Nxf8 {[%clk 0:11:22]} 30. Ne7+ {[%clk 0:07:53]} Rxe7
{[%clk 0:11:42]} 31. Qxe7 {[%clk 0:08:21]} Ng6 {[%clk 0:11:35]} 32. Qg5
{[%clk 0:08:48]} Qf6 {[%clk 0:06:12]} 33. Qg4 {[%clk 0:09:15]} Rd8
{[%clk 0:06:12]} 34. exd5 {[%clk 0:09:41]} Rxd5 {[%clk 0:06:31]} 35. f4
{[%clk 0:09:48]} Ng7 {[%clk 0:06:12]} 36. fxe5 {[%clk 0:08:15]} Qe6
{[%clk 0:05:58]} 37. Qe4 {[%clk 0:04:58]} Rxe5 {[%clk 0:03:33]} 38. Qa8+
{[%clk 0:05:26]} Ne8 {[%clk 0:02:04]} 39. Rxe5 {[%clk 0:05:47]} Nxe5
{[%clk 0:02:22]} 40. d4 {[%clk 0:05:33]} cxd4 {[%clk 0:02:31]} 41. cxd4
{[%clk 0:06:00]} Nd3 {[%clk 0:02:11]} 42. Qf3 {[%clk 0:03:01]} Nxb2
{[%clk 0:01:28]} 43. Kh1 {[%clk 0:01:47]} Nd6 {[%clk 0:00:37]} 44. d5
{[%clk 0:02:02]} Qg6 {[%clk 0:00:43]} 45. Qxb3 {[%clk 0:02:10]} Nbc4
{[%clk 0:01:00]} 46. Rf4 {[%clk 0:01:05]} Ne5 {[%clk 0:01:01]} 47. Qe3
{[%clk 0:01:07]} Qg5 {[%clk 0:00:59]} 48. Rg4 {[%clk 0:01:14]} 1-0

[Event "Tehran2016"]
[Site "Tehran"]
[Date "2016.11.02"]
[Round "9.15"]
[White "Gholami Orimi, Mahdi"]
[Black "Pilvaieh, Ali"]
[Result "1-0"]
[BlackElo "2179"]
[WhiteElo "2312"]
[LiveChessVersion "1.4.8"]

1. d4 Nf6 2. c4 g6 3. Nc3 d5 4. cxd5 Nxd5 5. e4 Nxc3 6. bxc3 Bg7 7. Bc4 c5 8. Ne2
Nc6 9. Be3 O-O 10. O-O Bd7 11. Rc1 Rc8 12. Qd2 Qa5 13. Qb2 b6 14. Rfd1 Rfd8 15.
f4 cxd4 16. cxd4 Bg4 17. e5 Qb4 18. Qxb4 Nxb4 19. Kf2 e6 20. h3 Bxe2 21. Kxe2 Bf8
22. g4 b5 23. Bb3 a5 24. a3 Nd5 25. Bxd5 exd5 26. Rxc8 Rxc8 27. Rb1 b4 28. axb4
Bxb4 29. Rb2 Rc4 30. f5 gxf5 31. gxf5 Kf8 32. h4 h5 33. Kf3 Ke8 34. Rg2 a4 35.
Rg8+ Kd7 36. Rg7 a3 37. Rxf7+ Kc6 38. Ra7 Kb6 39. Ra4 Kb5 40. Ra8 Ba5 41. e6 Rc7
42. f6 a2 43. Bd2 Bxd2 44. e7 Rc3+ 45. Ke2 Rc8 46. Rxc8 a1=Q 47. e8=Q+ Kb4 48.
Qe7+ Kb3 49. Rb8+ Kc2 50. Qh7+ 1-0

[Event "Tehran2016"]
[Site "Tehran"]
[Date "2016.11.02"]
[Round "9.16"]
[White "Hejazipour, Mitra"]
[Black "Hamidi, Amir Mohammad"]
[Result "1-0"]
[BlackElo "2203"]
[WhiteElo "2298"]
[LiveChessVersion "1.4.8"]

1. d4 d5 2. c4 e6 3. Nf3 Nf6 4. g3 Bb4+ 5. Bd2 Bd6 6. Bg2 O-O 7. O-O c6 8. Nc3
Nbd7 9. b3 dxc4 10. bxc4 e5 11. d5 Nc5 12. Bg5 h6 13. Bxf6 Qxf6 14. Nd2 cxd5 15.
cxd5 Bd7 16. a4 Rfc8 17. Nce4 Nxe4 18. Nxe4 Qe7 19. Qb3 Rc7 20. a5 Rac8 21. Qe3
Bb5 22. Qxa7 Bxe2 23. Rfe1 Bd3 24. Nxd6 Qxd6 25. Qb6 Qf6 26. Bh3 1-0

[Event "Tehran2016"]
[Site "Tehran"]
[Date "2016.11.02"]
[Round "9.17"]
[White "Alinasab, Mobina"]
[Black "Daghli, Arash"]
[Result "1/2-1/2"]
[BlackElo "2066"]
[WhiteElo "2230"]
[LiveChessVersion "1.4.8"]

1. e4 c5 2. Nf3 d6 3. d4 cxd4 4. Nxd4 Nf6 5. Nc3 g6 6. Be3 Bg7 7. f3 Nc6 8. Qd2
O-O 9. O-O-O d5 10. Qe1 e5 11. Nxc6 bxc6 12. exd5 Nxd5 13. Bc4 Be6 14. Ne4 Qc7
15. Bc5 Rfd8 16. h4 h6 17. g4 Nf4 18. Bxe6 Nxe6 19. Bd6 Qb6 20. g5 h5 21. Nf6+
Bxf6 22. gxf6 Rd7 23. Qxe5 Rad8 24. f4 c5 25. Be7 Rxd1+ 26. Rxd1 Rxd1+ 27. Kxd1
Qb7 28. b3 Qh1+ 29. Kd2 Qxh4 30. Bxc5 a6 31. Be3 Qh2+ 32. Kd3 Qg2 33. Qb8+ Kh7
34. Qe8 Qd5+ 35. Ke2 Qg2+ 36. Ke1 Qh1+ 37. Kd2 Qd5+ 38. Kc1 Qh1+ 39. Kd2 Qd5+ 40.
Kc3 Qb7 41. Qe7 Qc6+ 42. Kb2 Kg8 43. Qb4 Qf3 44. Qb8+ Kh7 45. Qa7 Kg8 46. Bd2 Qc6
47. Qb8+ Kh7 48. Qa7 Kg8 49. Qe3 Qg2 50. Qd3 h4 51. Qd7 Qa8 52. Qd3 Qg2 53. Qd7
Qa8 54. Qd3 Qg2 55. Qd7 Qa8 1/2-1/2

[Event "Tehran2016"]
[Site "Tehran"]
[Date "2016.11.02"]
[Round "9.18"]
[White "Ghaffarifar, Matin"]
[Black "Ghaziolsharif, Kaveh"]
[Result "1-0"]
[BlackElo "2212"]
[WhiteElo "2149"]
[LiveChessVersion "1.4.8"]

1. d4 {[%clk 1:30:46]} g6 {[%clk 1:15:54]} 2. c4 {[%clk 1:30:43]} Bg7
{[%clk 1:16:16]} 3. Nc3 {[%clk 1:30:50]} d6 {[%clk 1:16:37]} 4. e4
{[%clk 1:25:18]} Nd7 {[%clk 1:09:09]} 5. f4 {[%clk 1:22:42]} e5 {[%clk 1:07:55]}
6. fxe5 {[%clk 1:22:51]} dxe5 {[%clk 1:08:16]} 7. d5 {[%clk 1:23:13]} Ne7
{[%clk 1:08:39]} 8. Be3 {[%clk 1:20:31]} O-O {[%clk 1:08:25]} 9. Nf3
{[%clk 1:16:11]} f5 {[%clk 1:06:03]} 10. Ng5 {[%clk 1:08:21]} Nf6
{[%clk 1:04:28]} 11. Bc5 {[%clk 0:40:25]} Ne8 {[%clk 0:45:59]} 12. Ne6
{[%clk 0:35:05]} Bxe6 {[%clk 0:45:14]} 13. dxe6 {[%clk 0:35:25]} Nd6
{[%clk 0:43:45]} 14. Nb5 {[%clk 0:32:53]} Nec8 {[%clk 0:34:52]} 15. Nxd6
{[%clk 0:19:46]} Nxd6 {[%clk 0:27:23]} 16. Qd5 {[%clk 0:16:51]} Qh4+
{[%clk 0:17:48]} 17. g3 {[%clk 0:17:10]} Qxe4+ {[%clk 0:16:53]} 18. Qxe4
{[%clk 0:17:34]} Nxe4 {[%clk 0:17:16]} 19. Bxf8 {[%clk 0:17:06]} Kxf8
{[%clk 0:15:47]} 20. Bg2 {[%clk 0:17:00]} Nc5 {[%clk 0:15:05]} 21. O-O
{[%clk 0:13:41]} c6 {[%clk 0:14:03]} 22. b4 {[%clk 0:12:12]} Nxe6
{[%clk 0:12:20]} 23. b5 {[%clk 0:12:33]} e4 {[%clk 0:06:46]} 24. Rab1
{[%clk 0:12:20]} Ke7 {[%clk 0:04:47]} 25. bxc6 {[%clk 0:12:32]} b6
{[%clk 0:03:39]} 26. g4 {[%clk 0:10:43]} Nd4 {[%clk 0:01:04]} 27. a4
{[%clk 0:04:33]} Rc8 {[%clk 0:01:12]} 28. c5 {[%clk 0:03:30]} Rxc6
{[%clk 0:01:08]} 29. cxb6 {[%clk 0:03:55]} Rxb6 {[%clk 0:00:36]} 30. Rxb6
{[%clk 0:03:44]} axb6 {[%clk 0:01:06]} 31. gxf5 {[%clk 0:01:59]} gxf5
{[%clk 0:01:28]} 32. Rb1 {[%clk 0:01:33]} e3 {[%clk 0:00:47]} 33. Rxb6
{[%clk 0:00:58]} f4 {[%clk 0:00:56]} 34. Rb7+ {[%clk 0:00:54]} Kf6
{[%clk 0:00:37]} 35. a5 {[%clk 0:00:46]} f3 {[%clk 0:00:38]} 36. Bxf3
{[%clk 0:00:48]} Nxf3+ {[%clk 0:01:02]} 37. Kf1 {[%clk 0:01:18]} Nd4
{[%clk 0:00:47]} 38. a6 {[%clk 0:01:21]} e2+ {[%clk 0:00:35]} 39. Ke1
{[%clk 0:01:19]} Bh6 {[%clk 0:00:32]} 40. Rb6+ {[%clk 0:01:37]} 1-0

[Event "Tehran2016"]
[Site "Tehran"]
[Date "2016.11.02"]
[Round "9.19"]
[White "Godarz, Kasra"]
[Black "Pira, Davoud"]
[Result "0-1"]
[BlackElo "2380"]
[WhiteElo "2205"]
[LiveChessVersion "1.4.8"]

1. e4 c5 2. c3 d5 3. exd5 Qxd5 4. d4 g6 5. dxc5 Qxc5 6. Be3 Qa5 7. Na3 Bg7 8. Nc4
Qc7 9. Nf3 Nf6 10. Be2 O-O 11. O-O Nc6 12. Qc1 Ng4 13. Bf4 e5 14. Bg5 Be6 15. h3
Nf6 16. Bh6 Rad8 17. Bxg7 Kxg7 18. Qg5 h6 19. Qh4 e4 20. Nh2 Bxc4 21. Bxc4 Ne7
22. Ng4 Nh5 23. Ne3 f5 24. Rad1 Nf6 25. f4 exf3 26. Rxd8 Rxd8 27. Rxf3 Ne4 28.
Bb3 Rd2 29. Qe1 Qc5 30. Kh1 Rxb2 31. Nc4 Rf2 32. Rxf2 Nxf2+ 33. Kh2 Ne4 34. Qd1
b5 35. Nb2 Nxc3 36. Qd7 Ne2 37. Qd1 Qe5+ 38. Kh1 Qxb2 39. Qd7 Ng3+ 40. Kg1 Qf6
41. Qxa7 f4 42. Qb7 Qa1+ 0-1

[Event "Tehran2016"]
[Site "Tehran"]
[Date "2016.11.02"]
[Round "9.20"]
[White "Ismael, Namir Mohammed Ismael"]
[Black "Al-Ali, Hussein Ali Hussein"]
[Result "1-0"]
[BlackElo "2273"]
[WhiteElo "2175"]
[LiveChessVersion "1.4.8"]

1. Nf3 {[%clk 1:27:27]} Nf6 {[%clk 1:30:37]} 2. b3 {[%clk 1:27:51]} d6
{[%clk 1:30:47]} 3. d4 {[%clk 1:27:59]} g6 {[%clk 1:31:08]} 4. Bb2
{[%clk 1:28:19]} Bg7 {[%clk 1:30:35]} 5. g3 {[%clk 1:27:50]} Nbd7
{[%clk 1:27:58]} 6. Bg2 {[%clk 1:28:07]} O-O {[%clk 1:28:20]} 7. O-O
{[%clk 1:28:21]} e5 {[%clk 1:28:39]} 8. dxe5 {[%clk 1:28:36]} Ng4
{[%clk 1:29:04]} 9. c4 {[%clk 1:26:15]} Ngxe5 {[%clk 1:29:17]} 10. Nxe5
{[%clk 1:26:10]} Nxe5 {[%clk 1:29:32]} 11. Nc3 {[%clk 1:26:01]} Rb8
{[%clk 1:28:29]} 12. Qd2 {[%clk 1:25:53]} a6 {[%clk 1:28:45]} 13. Rfd1
{[%clk 1:20:12]} Be6 {[%clk 1:27:55]} 14. Rac1 {[%clk 1:14:32]} Qe7
{[%clk 1:21:58]} 15. Nd5 {[%clk 1:12:39]} Bxd5 {[%clk 1:22:20]} 16. cxd5
{[%clk 1:11:53]} f5 {[%clk 1:22:10]} 17. Rc2 {[%clk 1:09:48]} Rf7
{[%clk 1:21:45]} 18. Rdc1 {[%clk 1:08:07]} Qd8 {[%clk 1:21:44]} 19. f4
{[%clk 1:03:11]} Ng4 {[%clk 1:21:42]} 20. Bxg7 {[%clk 1:03:28]} Rxg7
{[%clk 1:21:57]} 21. e4 {[%clk 0:59:33]} fxe4 {[%clk 1:15:18]} 22. Bxe4
{[%clk 0:58:38]} Re7 {[%clk 1:14:27]} 23. Bf3 {[%clk 0:58:52]} Nf6
{[%clk 1:14:34]} 24. f5 {[%clk 0:48:53]} Rc8 {[%clk 1:13:56]} 25. Bg2
{[%clk 0:27:11]} Qd7 {[%clk 1:02:08]} 26. fxg6 {[%clk 0:20:39]} hxg6
{[%clk 0:51:06]} 27. Qh6 {[%clk 0:18:07]} Qf5 {[%clk 0:50:30]} 28. Bh3
{[%clk 0:12:33]} Ng4 {[%clk 0:50:41]} 29. Qf4 {[%clk 0:11:51]} Re4
{[%clk 0:50:37]} 30. Qxf5 {[%clk 0:10:24]} gxf5 {[%clk 0:51:01]} 31. Bxg4
{[%clk 0:10:32]} Rxg4 {[%clk 0:49:14]} 32. Rxc7 {[%clk 0:10:47]} Rxc7
{[%clk 0:48:18]} 33. Rxc7 {[%clk 0:11:11]} Rd4 {[%clk 0:48:27]} 34. Rxb7
{[%clk 0:10:02]} Rxd5 {[%clk 0:48:53]} 35. a4 {[%clk 0:08:19]} Kf8
{[%clk 0:47:11]} 36. h4 {[%clk 0:08:37]} f4 {[%clk 0:44:57]} 37. gxf4
{[%clk 0:08:16]} Rd4 38. Kf2 {[%clk 0:08:19]} Rxf4+ {[%clk 0:45:26]} 39. Kg3
{[%clk 0:08:44]} Rd4 {[%clk 0:45:38]} 40. a5 {[%clk 0:07:14]} Rd5
{[%clk 0:43:10]} 41. b4 {[%clk 0:05:03]} Ke8 {[%clk 0:43:35]} 42. Kg4
{[%clk 0:02:26]} Kd8 {[%clk 0:43:40]} 43. h5 {[%clk 0:02:28]} Kc8
{[%clk 0:42:50]} 44. Rb6 {[%clk 0:02:48]} Kc7 {[%clk 0:42:44]} 45. h6
{[%clk 0:02:55]} Rd1 {[%clk 0:43:02]} 46. Rxa6 {[%clk 0:01:38]} Rh1
{[%clk 0:41:13]} 47. Kg5 {[%clk 0:01:41]} Rg1+ {[%clk 0:41:29]} 48. Kf6
{[%clk 0:01:43]} Rf1+ {[%clk 0:40:57]} 49. Ke6 {[%clk 0:00:57]} Re1+
{[%clk 0:41:07]} 50. Kd5 {[%clk 0:00:58]} Re5+ {[%clk 0:39:37]} 51. Kc4
{[%clk 0:01:15]} Re4+ {[%clk 0:40:02]} 52. Kd5 {[%clk 0:00:47]} Re5+
{[%clk 0:40:26]} 53. Kd4 {[%clk 0:01:09]} Rh5 {[%clk 0:40:48]} 54. h7
{[%clk 0:01:21]} Kb7 {[%clk 0:41:00]} 55. Rxd6 {[%clk 0:01:39]} Rxh7
{[%clk 0:41:26]} 56. Kc5 {[%clk 0:01:51]} Rc7+ {[%clk 0:41:32]} 57. Kb5
{[%clk 0:02:15]} Rh7 {[%clk 0:41:56]} 58. Rg6 {[%clk 0:02:26]} Rh5+
{[%clk 0:42:14]} 59. Ka4 {[%clk 0:02:52]} Rh7 {[%clk 0:42:32]} 60. a6+
{[%clk 0:03:04]} Ka7 {[%clk 0:42:41]} 61. Ka5 {[%clk 0:03:17]} Rh5+
{[%clk 0:41:39]} 62. b5 {[%clk 0:03:35]} Rf5 {[%clk 0:37:47]} 63. Rg7+
{[%clk 0:03:57]} Ka8 {[%clk 0:38:08]} 64. Rd7 {[%clk 0:03:25]} Rh5
{[%clk 0:37:32]} 65. Kb6 {[%clk 0:03:30]} Rh6+ {[%clk 0:37:26]} 66. Kc5
{[%clk 0:03:54]} Rh1 {[%clk 0:34:55]} 67. Kc6 {[%clk 0:01:59]} Rc1+
{[%clk 0:33:56]} 68. Kb6 {[%clk 0:02:23]} Rc8 {[%clk 0:34:18]} 69. Ra7+
{[%clk 0:02:15]} Kb8 {[%clk 0:34:41]} 70. Rf7 {[%clk 0:02:38]} Rh8
{[%clk 0:34:43]} 71. Rf5 {[%clk 0:02:44]} Rg8 {[%clk 0:34:21]} 72. Ka5
{[%clk 0:03:08]} Rh8 {[%clk 0:33:39]} 73. b6 {[%clk 0:03:31]} Rg8
{[%clk 0:30:38]} 74. a7+ {[%clk 0:02:56]} Kb7 {[%clk 0:29:27]} 75. Rf8 1-0